000
00258nam a2200097 4500
245
_a
Tourism in India
_c
V.P. Bendre
100
_a
Bendre, V.P
260
_a
Maharashtra
_b
A.B.Dashrathe Parimal Prakashan
_c
1979
300
_a
[2], 295p.; 22cm.
082
_a
915.404
_b
BEN
999
_c
2958
_d
2958